One Piece World Government Members - Statistics

General Stats
  • This quiz has been taken 39 times
    8 since last reset
  • The average score is 55 of 167
Answer Stats
Hint Answer % Correct
Fleet Admiral Akainu
100%
Ex- Admiral Aokiji
100%
Admiral Fujitora
100%
Admiral Kizaru
100%
Leader of Marines Kong
100%
Admiral Ryokugyu
100%
Ex- Fleet Admiral Sengoku
100%
Vice Admiral Monkey D. Garp
86%
Vice Admiral Tsuru
86%
Lieutenant Commander Fullbody
71%
Commander Helmeppo
71%
Leader of the World Imu
71%
Lieutenant Commander Jango
71%
Captain Koby
71%
Ex- Captain Morgan
71%
Vice Admiral Smoker
71%
Undercover Vice Admiral Vergo
71%
Non-Canon Ex Admiral Zephyr
71%
Vice Admiral Bastille
57%
CP0 Member Blueno
57%
Rank Unknown Bogard
57%
Head Jailer Of Impel Down Domino
57%
Gorosei Ethanbaron V. Nusjuro
57%
Gorosei Figarland Garling
57%
Leader of Holy Knights Figarland Shamrock
57%
Chief Warden Of Impel Down Hannyabal
57%
Commander Hibari
57%
CP0 Member Jabra
57%
Ex- Gorosei Jaygarcia Saturn
57%
Vice Admiral John Giant
57%
CP0 Member Kaku
57%
CP0 Member Kalifa
57%
Vice Warden Of Impel Down Magellan
57%
Member of Holy Knights Manmayer Gunko
57%
Gorosei Marcus Mars
57%
Member of Holy Knights Rimoshifu Killingham
57%
CP0 Member Rob Lucci
57%
Seraphim S- Bear
57%
Seraphim S- Croc
57%
Seraphim S- Hawk
57%
Gorosei Shepard Ju Peter
57%
CP0 Member Spandam
57%
Seraphim S- Shark
57%
Seraphim S- Snake
57%
Captain Tashigi
57%
Vice Admiral T Bone
57%
Gorosei Topman Warcury
57%
Ex-Marine Rank Unknown Bell-mere
43%
Commodore Brannew
43%
Ex- Commander Corazon
43%
Vice Admiral Dalmatian
43%
Vice Admiral Doberman
43%
Ex- Holy Knight Figarland Shanks
43%
CP0 Member Fukurou
43%
Captain Gorilla
43%
CP0 Member Guernica
43%
CP0 Member Hattori
43%
Rear Admiral Hina
43%
Rear Admiral Kujaku
43%
CP0 Member Kumadori
43%
Vice Admiral Momonga
43%
CP9 Member Nero
43%
Captain Nezumi
43%
Rear Admiral Prince Grus
43%
Chief Guard Of Impel Down Saldeath
43%
Commander Sentomaru
43%
Seraphim S- Flamingo
43%
Member of Holy Knights Shepard Sommers
43%
Ex- Head Jailer Of Impel Down Shiryu
43%
Captain Shu
43%
Retired CP9 Member Spandine
43%
Vice Admiral Strawberry
43%
CP0 Member Stussy
43%
Captain Very Good
43%
CP7 Member Wanze
43%
Leader of SWORD X Drake
43%
Enies Lobby Chief of Justice Baskerville
29%
Vice Admiral Bluegrass
29%
Vice Admiral Cancer
29%
Vice Admiral Chaton
29%
Vice Admiral Comil
29%
World Government Worker Corgi
29%
Vice Admiral Doll
29%
CP0 Member Funkfreed
29%
CP0 Member Gismonda
29%
Vice Admiral Guillotine
29%
Ex- Vice Admiral Jaguar D. Saul
29%
CP6 Member Jerry
29%
Non-Canon Vice Admiral Jonathan
29%
CP0 Member Joseph
29%
Vice Admiral Lacroix
29%
Vice Admiral Lonz
29%
CP0 Member Maha
29%
Vice Admiral Maynard
29%
Vice Admiral Momousagi
29%
Vice Admiral Mozambia
29%
Vice Admiral Pomsky
29%
Commodore Pudding Pudding
29%
Vice Admiral Red King
29%
Chief Guard Of Impel Down Sadie
29%
Member of Holy Knights Satchels Maffey
29%
Seraphim S- Gecko
29%
Captain Sharinguru
29%
Vice Admiral Stainless
29%
Vice Admiral Urban
29%
Retired CP9 Member Who's Who
29%
Non-Canon Ex Vice Admiral Ain
14%
CP8 Member Alpha
14%
Ex- Holy Knight Harald
14%
Vice Admiral Hototogisu
14%
Rear Admiral Jenfétro
14%
Rank Unknown Monkey D. Dragon
14%
Vice Admiral Nezu Ketagari
14%
Vice Admiral Onigumo
14%
Captain Ratel
14%
Commander Ripper
14%
Rank Unknown Sspaden
14%
Director of the Marine Bureau of Investigation Tensei
14%
Vice Admiral Tosa
14%
Vice Admiral Yamakaji
14%
Rear Admiral Akehende
0%
Non-Canon Captain All Hunt-Grount
0%
Ensign Asahija
0%
Non-Canon Vice Admiral Balzac
0%
Non-Canon Rear Admiral Barricade
0%
Non-Canon Commodore Bilić
0%
Non-Canon Ex Rank Unknown Binz
0%
Non-Canon Vice Admiral Blago
0%
Non-Canon Rear Admiral Buffalo
0%
Rear Admiral Catacombo
0%
Non-Canon Rank Unknown Comb
0%
Commodore Daigin
0%
Non-Canon Rank Unknown Diomis
0%
Non-Canon Rank Unknown Duncan
0%
Non-Canon Rank Unknown Gage
0%
Non-Canon Vice Admiral Glass
0%
Commander Govu
0%
Non-Canon Vice Admiral Graydle
0%
Lieutenant Commander Hermes
0%
Vice Admiral Hound
0%
Non-Canon Lieutenant Isoka
0%
Ensign Isuka
0%
Rear Admiral Kadar
0%
Commodore Kibin
0%
Retired CP9 Member Laskey
0%
Petty Officer Lines
0%
Non-Canon 153rd Branch Marine Base Commander Marine X
0%
Non-Canon Rank Unknown Marron
0%
Ensign Mashikaku
0%
Non-Canon Member of Sword Merlin
0%
Non-Canon Captain Moore
0%
Non-Canon Commodore Nelson Royal
0%
Non-Canon Vice Admiral Prodi
0%
Non-Canon Lieutenant Commander Rapanui Pasqua
0%
Lieutenant Junior Grade Rokkaku
0%
Lieutenant Commander Roppi
0%
Non-Canon Captain Saga
0%
Chief Petty Officer Shine
0%
Non-Canon Ex Commodore Shuzo
0%
Rear Admiral Sicily
0%
Lieutenant Spacey
0%
Lieutenant Junior Grade Stalker
0%
Guard of Impel Down Sukoshiba Kanishitoru
0%
Non-Canon Captain Tomac
0%
Non-Canon Captain Trap
0%
Seaman Recruit Ukkari
0%
Non-Canon Rear Admiral Yukimura
0%
No matching quizzes found
Score Distribution
Percent of People with Each Score
Percentile by Number Answered
Your Score History
You have not taken this quiz since the last reset